LEADER 01284nam 2200361 450 001 990003023700203316 005 20071128131621.0 010 $a92-827-8551-3 035 $a000302370 035 $aUSA01000302370 035 $a(ALEPH)000302370USA01 035 $a000302370 100 $a20071128d1997----km-y0itay0103----ba 101 $amul 102 $aLU 105 $a||||||||001yy 200 1 $aVideo-katalog$dVideo catalogue$dCatalogue vidéo$fEuropäische Kommission, Generaldirektion Information, Kommunikation, Kultur, Audiovisuelle Medien 210 $aLuxembourg$cAmt für amtliche Veröffentlichungen der Europäischen Gemeinschaften$d1997 215 $a91 p.$d18 cm 606 0 $aUnione europea$xCataloghi 606 0 $aMezzi audiovisivi$xPaesi della Comunità europea$xCataloghi 676 $a018.137 699 $a19.01$bInformazione 710 02$aCOMMISSIONE EUROPEA :$bDirezione generale Informazione, comunicazione, cultura e audiovisivo$0541546 801 0$aIT$bsalbc$gISBD 912 $a990003023700203316 951 $aCDE 19.01 (XXXII)$bCDE 391$cCDE 19.01$d00148416 959 $aBK 969 $aCDE 979 $aMARIAS$b90$c20071128$lUSA01$h1316 979 $aMARIAS$b90$c20080220$lUSA01$h1127 996 $aVideo-katalog$91025444 997 $aUNISA LEADER 02729oas 22009733 450 001 9910892816103321 005 20260218112426.0 011 $a2376-6778 035 $a(DE-599)ZDB2212635-1 035 $a(OCoLC)297243576 035 $a(CONSER) 2014203913 035 $a(CKB)954928474120 035 $a(DE-599)2695384-5 035 $a(EXLCZ)99954928474120 100 $a20090107b19681983 uy a 101 0 $aeng 135 $aurunu---uuaua 181 $ctxt$2rdacontent 182 $cc$2rdamedia 183 $acr$2rdacarrier 200 10$aBehavior research methods and instrumentation 210 1$a[Austin, Tex.] :$cPsychonomic Journals,$d©1968-©1983. 300 $aSome issues have title: Behavior research methods & instrumentation. 311 08$a0005-7878 517 3 $aBehavior research methods & instrumentation 531 0 $aBehav. res. meth. instrum. 606 $aPsychology, Experimental$vPeriodicals 606 $aHuman behavior 606 $aBehavior 606 $aPsychology, Experimental$xinstrumentation 606 $aPsychologie expe?rimentale$vPe?riodiques 606 $aComportement humain 606 $ahuman behavior$2aat 606 $aHuman behavior$2fast$3(OCoLC)fst00962811 606 $aPsychology, Experimental$2fast$3(OCoLC)fst01081581 606 $aGedrag$2gtt 606 $aOnderzoeksmethoden$2gtt 606 $aInstrumenten$2gtt 608 $aPeriodical. 608 $aPeriodicals.$2fast 608 $aperiodicals.$2aat 608 $aPeriodicals.$2lcgft 608 $aPe?riodiques.$2rvmgf 615 0$aPsychology, Experimental 615 0$aHuman behavior. 615 2$aBehavior. 615 2$aPsychology, Experimental$xinstrumentation. 615 6$aPsychologie expe?rimentale 615 6$aComportement humain. 615 7$ahuman behavior. 615 7$aHuman behavior. 615 7$aPsychology, Experimental. 615 17$aGedrag. 615 17$aOnderzoeksmethoden. 615 17$aInstrumenten. 676 $a150/.72/4 686 $a77.30$2bcl 686 $a77.04$2bcl 712 02$aPsychonomic Society 712 02$aPsychonomic Journals, Inc. 801 0$bOCLCE 801 1$bOCLCE 801 2$bOCLCQ 801 2$bMTH 801 2$bNLGGC 801 2$bOCLCQ 801 2$bGPM 801 2$bOCLCF 801 2$bOCLCO 801 2$bDLC 801 2$bOCLCQ 801 2$bOCLCO 801 2$bOCLCA 801 2$bFUG 801 2$bOCLCO 801 2$bOCLCA 801 2$bOCLCO 801 2$bOCL 801 2$bOCLCL 801 2$bLUN 906 $aJOURNAL 912 $a9910892816103321 996 $aBehavior research methods and instrumentation$92160925 997 $aUNINA